| 000 | 00495nam a2200145Ia 4500 | ||
|---|---|---|---|
| 008 | 140724s9999 xx 000 0 und d | ||
| 050 |
_aT 58.6 _b.Eq64 2013 |
||
| 100 | _aEquila, Emmanuel D. | ||
| 245 |
_aPatient information system for Dr. Callejo Medical Clinic / _cEmmanuel D. Equila. |
||
| 260 |
_aLas PiƱas, Philippines : _bSouthville International School and Colleges, _cc2013. |
||
| 300 |
_a58 p. : _bill. ; _c28 cm. |
||
| 521 | _aInformation Technology | ||
| 942 | _cTH | ||
| 999 |
_c229118 _d229118 |
||